000
00330nam a2200157Ia 4500
003
OSt
005
20240101093700.0
008
170524s9999 xx 000 0 und d
020
_a
9788120327597
040
_c
IIMTU
100
_a
Wolf Wayne
245
0
_a
Modern VLSI Design
260
_b
PHI
260
_c
2005
942
_2
ddc
_c
02
999
_c
5039
_d
5039